000 00956nam a22002177a 4500
003 DO-SdBNP
005 20210413104653.0
007 ta
008 210413e2013 dr ||||gr|||| 00| e spa d
020 _a9789945471724
040 _aDO-SdBNP
_bspa
_cBNPHU
041 _hspa
082 _bP426e
100 1 _aPeralta A. , Emil A.
_978370
245 1 3 _aEl gran guerrero /
_cEmil A. Peralta A. ; Victor José Rosario Andrickson
260 _aSanto Domingo :
_b[s.n.] ,
_c2013
300 _a165 pg. ;
_c21 cm.
505 0 _aDedicatoria.-
_tLa travesía.-
_t¿Para qué soy bueno?.-
_t¿Y ahora qué hago?.-
_tCómo subir a la superficie.-
_tEl valor de los valores.-
_tLa energía mueve el universo.-
_tSuerte Vs probabilidad.-
_tLibertad, gran tesoro.-
_t¡Yo elijo mi día!.-
_t¡Si hubiera hecho algo!.-
_t¡Aprendiendo del Grande!.-
_tLos últimos días con el anciano.-
700 _aRosario Andrickson , Victor José ,
_eprólogo.
_978371
942 _2ddc
_cLBS1
999 _c49723
_d49723